[Event "Manresa"]
[Site "Manresa"]
[Date "1995.??.??"]
[Round "5"]
[White "Mellado Trivino, Juan"]
[Black "Lalic, Bogdan"]
[Result "1/2-1/2"]
[WhiteElo "2460"]
[BlackElo "2590"]
[Annotator "Romero Holmes"]
[PlyCount "62"]
[EventDate "1995.06.??"]
[EventType "tourn"]
[EventRounds "9"]
[EventCountry "ESP"]
[EventCategory "11"]
[SourceTitle "CBM 049"]
[Source "ChessBase"]
[SourceDate "1995.12.01"]
[SourceVersion "1"]
[SourceVersionDate "1995.12.01"]
[SourceQuality "1"]

1. c4 e5 2. Nc3 Bb4 3. Nd5 Be7 (3... Ba5 $6) 4. g3 (4. d4 d6 5. e4 $14) 4... f5
$5 $146 (4... c6 5. Nxe7 Nxe7 6. d4 $5) 5. Bg2 Nf6 6. Nxf6+ Bxf6 7. e3 O-O 8.
Ne2 d6 9. O-O Kh8 10. d3 Qe8 {Black plan obviously consists in organizing an
atack in the black side, while white will try to exploit the strength of his
white bishop, opening the positi on on the queen side.} 11. Rb1 Nd7 12. b4 a6
$5 (12... c6 13. b5) 13. c5 $5 {The quicker way to open the position. One pawn
is not a high price for the ini tiative.} (13. Nc3 Bd8 14. a4 Nf6 15. a5 (15.
b5 $14) 15... c6) 13... dxc5 14. bxc5 Nxc5 15. Qc2 (15. Ba3 Be7 16. Qc2 Ne6 17.
Bxe7 Qxe7 18. Bxb7 Bxb7 19. Rxb7 f4 $132) 15... Be7 16. d4 {The point. After
this central break White pieces are very well coordinated and the pressure is
very unpleasant.} f4 $1 17. gxf4 Bf5 18. e4 exd4 (18... Nxe4 $2 19. Bxe4 Qg6+
20. Ng3 $1) 19. Nxd4 Bd7 {White is in the driver seat: good center, nice
diagonals for the bishops. The Nc5 becomes the new target, but black is
resourceful.} 20. Be3 (20. f5 $5) 20... b6 21. f5 Ba4 $1 {xe4} 22. Nb3 Rd8 23.
Rfd1 (23. e5 Nd3 24. f4 c5 $132) 23... Rxd1+ 24. Rxd1 Qf7 25. Qc3 $5 Bf6 $2 (
25... Nxb3 26. axb3 Qxb3 27. Qxb3 Bxb3 28. Rd7 Bf6 29. Rxc7 {/\f4}) 26. e5 Be7
{xf5} 27. Nxc5 $1 Bxd1 28. Ne6 Rc8 29. Qd3 Bg4 30. Be4 $36 Bh3 $6 (30... g6 31.
Qd7 $1 $16 (31. Ng5 Bxg5 32. Bxg5 Bxf5 33. Bf6+ Kg8 34. Bxf5 gxf5 35. Kf1)) (
30... h6 31. h3 Bxh3 32. Bxh6) 31. Bh6 $1 Qh5 $5 (31... Qh5 32. Bxg7+ Kg8 33.
f3 $16) 1/2-1/2

[Event "Palma de Mallorca FIDE GP"]
[Site "Palma de Mallorca"]
[Date "2017.11.19"]
[Round "4"]
[White "Harikrishna, Pentala"]
[Black "Vallejo Pons, Francisco"]
[Result "1-0"]
[WhiteElo "2738"]
[BlackElo "2705"]
[Annotator "Sadorra,J"]
[PlyCount "65"]
[EventDate "2017.11.16"]
[EventType "swiss"]
[EventRounds "9"]
[EventCountry "ESP"]
[SourceTitle "CBM 182"]
[Source "ChessBase"]
[SourceDate "2018.01.17"]
[SourceVersion "1"]
[SourceVersionDate "2018.01.17"]
[SourceQuality "1"]

1. c4 e5 2. Nc3 Bb4 3. Nd5 Na6 $5 {This move is becoming more popular in the
English lines with a knight on c3. By placing the knight on a6, Black wants to
quickly kick away White's centralised knight on d5 with c7-c6.} 4. Nxb4 (4. g3)
4... Nxb4 5. a3 Nc6 6. b4 $1 {This is the first time this move has been played
in a top-level encounter.} ({Earlier this year, a tamer continuation was played
} 6. d3 Nge7 7. g3 d5 8. cxd5 Qxd5 9. Nf3 Bg4 10. Bg2 Qd7 (10... O-O-O $1 11.
O-O Qd7 12. Be3 Kb8 13. Rc1 f6 14. b4 Nd4 $132) 11. O-O Bh3 $6 12. Bxh3 (12.
Qb3 $5) 12... Qxh3 13. Qb3 $1 $14 {1-0 (32) Adla,D (2398)-Del Rey,D (2356)
Aragon 2017}) 6... d5 ({In a correspondence game, another natural move was
played:} 6... Nf6 7. Bb2 O-O 8. b5 Na5 9. Qa4 b6 10. Bxe5 Re8 11. Nf3 a6 (11...
Ne4 $142 $1 12. Bb2 (12. Bd4 c5 13. Bb2 d5 14. d3 Nd6 15. cxd5 Bb7 $36) 12...
Nc5 13. Qc2 d5 $1 $44) 12. e3 axb5 13. cxb5 Bb7 {(37) Ellis,J (2136)-Starke,H 
(2397) ICCF email 2009, and here} 14. Bb2 Bd5 15. Qc2 $14 {Black doesn't have
enough compensation for the pawn.}) 7. e3 Nf6 8. Bb2 d4 $5 {Black goes in for
a Reti or reversed Benoni structure, with a knight and bishop traded off the
board.} (8... O-O 9. cxd5 Qxd5 10. Qc2 {transposes in a Sicilian Kan Reversed
that's a better version for White due to the bishop pair.} (10. Rc1)) 9. Nf3
Bg4 10. h3 Bxf3 11. gxf3 ({There is nothing wrong with the natural capture} 11.
Qxf3 O-O (11... d3 $2 12. b5) 12. Be2 d3 (12... Re8 13. O-O) 13. Bd1 a6 (13...
e4 14. Qf4) 14. O-O Re8 15. Bb3 $14 {But during the game, White was probably
not sure about the assessment of such a position.}) 11... O-O 12. Qc2 {
Planning to castle queenside and start an attack on the kingside.} a5 $6 {
This was too rushed or drastic to play at this moment.} (12... Re8 13. O-O-O (
13. b5 Na5 14. O-O-O a6 $1 $40 (14... c6 $1)) 13... Qd6 14. Rg1 Rad8 {Black is
solid and can maintain the balance by making sure the centre doesn't open up.})
13. b5 Ne7 14. f4 $1 {White has to do this now otherwise Black will solidify
his central pawns and shut down White's dark-squared bishop.} (14. O-O-O c5 $1)
14... dxe3 (14... exf4 15. Bxd4 $14 {[%csl Gd4,Gg2][%cal Gd4g7,Gf1g2,Gg2b7]})
15. O-O-O $1 {Great dynamic play by Harikrishna!} (15. fxe3 $6 exf4 16. O-O-O
Ng6 {is not so clear.}) 15... e2 (15... exf2 16. fxe5 Nh5 17. Rh2 {and after
winning the annoying pawn on f2, White will either roll down his central pawns
or attack on the kingside.} (17. d4 $6 Ng3 18. Rh2 Nxf1 19. Rxf1 c6 20. bxc6
bxc6 21. Rhxf2 Rb8 $132) 17... Ng3 18. Rxf2 Nxf1 19. Rdxf1 c6 20. bxc6 bxc6 21.
h4 $1 Rb8 22. h5 Qb6 23. e6 $1 fxe6 (23... f6 24. h6 $18) 24. Qc3 $18) 16. Bxe2
exf4 17. h4 $1 {Planning to open more lines on the kingside or provoke more
weakening around the black king.} Kh8 18. h5 h6 19. Rdg1 Qd6 (19... Rg8 20. Rh4
$1 {[%cal Gg1g7,Gb2g7,Gh4f4,Gf4f6] Can you feel the piece harmony?} Qd6 21. Qd3
$1 $18 {I like this idea of eliminating Black's best defensive piece, after
which he will be left with worse and passive pieces.}) 20. c5 ({Here,
Harikrishna actually has an opportunity to finish off his opponent by force!} 
20. Rxg7 $1 Kxg7 21. Rg1+ Kh8 (21... Ng6 22. hxg6 Rg8 23. c5 Qe7 (23... Qe6 24.
Bc4) 24. gxf7+ Kxf7 25. Bc4+) 22. c5 Qe6 23. Bc4 Ned5 24. Bxd5 Qe7 25. Qf5 {
and White will mate soon.}) 20... Qd5 21. Rh4 {After White gets this rook into
the attack, the game is almost over.} Rfe8 22. Rxf4 Neg8 23. Bf3 {Now the last
piece joins the party!} Qe6 24. Qc3 {Black is helpless against the powerful
long-range pieces, and can only sit and wait for his doom.} Rad8 25. Rfg4 Qf5
26. Rxg7 Re1+ {This only prolongs the agony of defeat} 27. Rxe1 Kxg7 28. Bxb7 {
Simple chess.} Kf8 (28... Qxf2 29. Qe3 Qxe3 30. Rxe3 $18) 29. f3 $1 {Of course
there are many ways to win from here, but I like little, simple moves like
this as it shows a sense of calm and control of the situation.} Nxh5 30. Qe5
Qd7 31. Bc3 Ngf6 32. Bc6 Qe6 33. Qxe6 {Black has had enough, and decides to
throw in the towel.  Great positional and dynamic play by Harikrishna. He also
showed that the bishop pair in an open position combined with well-placed
major pieces can make one's attack unstoppable!} 1-0

[Event "Qatar Masters op"]
[Site "Doha"]
[Date "2014.11.30"]
[Round "5"]
[White "Mamedyarov, Shakhriyar"]
[Black "Giri, Anish"]
[Result "0-1"]
[WhiteElo "2757"]
[BlackElo "2776"]
[Annotator "Sagar Shah"]
[PlyCount "42"]
[EventDate "2014.11.26"]
[EventType "swiss"]
[EventRounds "9"]
[EventCountry "QAT"]
[SourceTitle "CBM 164"]
[Source "ChessBase"]
[SourceDate "2015.01.15"]
[SourceVersion "1"]
[SourceVersionDate "2015.01.15"]
[SourceQuality "1"]
[WhiteClock "0:53:29"]
[BlackClock "0:39:24"]

{Open tournaments are not known to pit two 2750+ opponents against each other.
But Qatar was an exception. In the fourth round, the first seeded Anish Giri
was paired against the third seed of the event Shakriyar Mamendyarov. What
followed was a 20-move miniature win for the Dutch player.} 1. c4 Nf6 2. Nc3 e5
3. g3 Bb4 4. Bg2 (4. Nd5 {makes less sense when there is no N on c6.} Nxd5 5.
cxd5 O-O 6. Bg2 c6 $15 {Black is already slightly better.}) 4... O-O 5. e4 {
White often makes this move when Black plays his bishop to b4. The pawns on e4
and c4 signify the Botvinnik structure. This structure might not be so good if
Black could put his bishop on c5. But here to do that he will have to lose a
precious tempo. Is it worth it?} Bxc3 $5 {Apparently, Giri thinks it is not!
He gives up his bishop for the knight and intends to blast the white centre
with c6 followed by d5. But I must mention that once Carlsen as Black did
waste a tempo in a similar structure against Kramnik by playing his bishop
back with Bc5 at Tal Memorial 2011.} 6. bxc3 Re8 {A quiet propylactic move so
that the rook may not be disturbed by the bishop from a3 and in general the
e8-square is a good one for the rook.} (6... c6 7. Ba3 Re8 8. Bd6 Re6 9. c5 Ne8
{also looks totally fine for Black.}) 7. d3 c6 $5 {White has the two bishops
and a strong centre but he is behind in development and Giri uses this factor
to quickly open the position.} 8. Ne2 d5 {White has no option but to exchange
twice on d5.} 9. cxd5 cxd5 10. exd5 (10. O-O $6 dxe4 11. dxe4 Nc6 $15) 10...
Nxd5 11. Rb1 Nc6 12. O-O Bg4 $1 {An irritating little pin by Giri. The threat
is of course to take the pawn on c3. White is forced to make the ugly looking
f3 move and shut in his bishop.} 13. f3 (13. Rxb7 $2 Nxc3 $19) 13... Bf5 (13...
Be6 14. Rxb7 Nb6 {traps the rook.} 15. f4 Qc8 16. Rxb6 (16. f5 Qxb7 17. fxe6
Rxe6 $17) 16... axb6 $15 {White has some compensation here and Black needs to
play accurately in order to keep his advantage} 17. f5 $5 Bxa2 18. f6 (18. c4
$2 Rd8 $19) 18... Rd8 (18... g6 $6 19. Qd2 $1 Re6 20. c4 $14) 19. fxg7 Bd5 $15)
14. Rxb7 Nb6 15. f4 e4 (15... Qc8 16. fxe5 $1 {and the drawback of keeping the
bishop on f5 becomes apparent. It is hanging right now.}) 16. Qb3 $6 (16. dxe4
Bxe4 17. Qb3 Qf6 $15 {Black's position is preferable as the white king looks a
little vulnerable but this was the best option for White.}) 16... Be6 17. Qb5
$6 (17. Qd1 {was the best but after} Bc8 18. Rxb6 axb6 $17 {Black is better.})
17... exd3 $1 {The pawn on d3 is a real monster now!} 18. Rxb6 (18. Qxc6 dxe2
19. Re1 Qd1 20. Kf2 Rad8 $19 {Black is winning.}) (18. Bxc6 Bc4 $1 {The only
move to win.} (18... dxe2 19. Qxe2 $14) 19. Qh5 g6 20. Qc5 dxe2 21. Re1 Rc8 $19
) 18... dxe2 19. Re1 Bc4 $1 {Deflecting the queen from the defence of the
b6-rook.} (19... Qxb6+ $6 20. Qxb6 axb6 21. Bxc6 Bc4 22. Bxe8 Rxe8 $15 {
Black is better but has lost a huge chunk of his advantage.}) (19... Nd4 $1 {
was also very strong.} 20. cxd4 Qxd4+ 21. Kh1 axb6 22. Bxa8 Rxa8 $19 {[%cal
Ge6d5]}) 20. Qxc6 (20. Bxc6 Bxb5 21. Rxb5 {might be relatively better but
Black is still in the driver's seat after} Qd3 $19) (20. Qxc4 Qxb6+ 21. Kh1
Rad8 $19) 20... Qd1 $1 21. Kf2 Rad8 $1 {Mamedyarov resigned. A very smooth
game by Anish who led the tournament at this point with 5/5.} (21... Rad8 {
The threat is to take on e1 followed by ...Rd1+ so White's only defence is to
take play} 22. Qxe8+ Rxe8 23. Rb2 Qd6 24. Be3 {White can prolong this game for
a while but it is clear that with a pawn on e2 and also with extra material,
Anish will not have great difficulties converting this one.} g5 $1 $19) 0-1

[Event "Novy Bor m"]
[Site "Novy Bor"]
[Date "2014.09.30"]
[Round "1"]
[White "Laznicka, Viktor"]
[Black "Rapport, Richard"]
[Result "0-1"]
[WhiteElo "2675"]
[BlackElo "2713"]
[Annotator "Sagar Shah"]
[PlyCount "48"]
[EventDate "2014.09.30"]
[EventType "match"]
[EventRounds "6"]
[EventCountry "CZE"]
[SourceTitle "CBM 163"]
[Source "ChessBase"]
[SourceDate "2014.11.11"]
[SourceVersion "1"]
[SourceVersionDate "2014.11.11"]
[SourceQuality "1"]

{This is the first game of the Laznicka-Rapport match which will last for six
games. It is quite an interesting battle because Laznicka is quite a
technically correct player, while Rapport on the other hand is a complete
maverick who thrives on complicated positions.} 1. d4 d6 2. c4 e5 $5 {This is
the first time that Rapport has played this opening.} 3. Nf3 {Laznicka goes
for the main line.} (3. d5 {I would recommend this move to those who are
looking for a simple way as White to play against this opening.} f5 4. e4 $5
fxe4 5. Nc3 Nf6 6. Nge2 Bf5 7. Ng3 Bg6 8. Bg5 Be7 9. Bxf6 gxf6 10. h4 Qd7 11.
f3 $5 {The game Mikhalevski-Milos which reached this position is worth
studying in detail.}) (3. dxe5 {Hardly anyone plays this move.} dxe5 4. Qxd8+
Kxd8 5. Nc3 Be6 6. b3 c6 $11 {Black king goes to c7 and he has absolutely no
problems.}) 3... e4 4. Nfd2 (4. Ng5 {is definitely the main move.} f5 5. Nc3
Be7 6. Nh3 {The N will later go to f4 when it will be perfectly placed.}) 4...
f5 5. Nc3 c6 (5... Nf6 {is the more common way to go and play continues with}
6. e3 g6 7. Be2 Bg7 8. O-O O-O {When according to me Black has a very superior
version of Dutch Defence.}) 6. e3 Nf6 7. Be2 Na6 {The N can be put to good use
on c7 form where it can support d6-d5.} (7... g6 {is the normal way but
Rapport always has his own ideas.}) 8. Qa4 $5 {An odd move by Laznicka. I
wonder why he played his queen to a4. Maybe he wanted to expand on the
queenside with b4 but maybe it's not the best plan in the position. The right
plan should definitely be 0-0 followed by breaking the structure with f3.} Nc7
9. b4 a6 {preventing b5.} 10. Qb3 d5 $1 {Things have gone well for Black in
the opening. He has a perfectly satisfactory position.} 11. a4 Be6 12. Bb2 (12.
c5 {could have been tried by Laznicka. But it reduces the tension in the
center and later Black can prepare the f5-f4 break, taking his time.}) 12...
Be7 13. O-O O-O 14. b5 {Laznicka gets his play going on the queenside but
Black doesn't really care. He has a strong pawn chain in the center and it is
quite difficult to break it.} Kh8 15. Rfb1 (15. b6 $6 Nce8 16. c5 {This is a
typical computer variation that gives a slight edge to White. I think this is
an incorrect assessment. With the queenside closed, it will be Black who will
play on the kingside and launch a violent pawn storm without much hindrance.})
15... dxc4 16. Bxc4 Ncd5 17. bxc6 bxc6 18. Ba3 $1 {Laznicka does the right
thing to exchange the Black's best minor piece.} Bxa3 19. Qxa3 $14 Ng4 $5 {
A typical Rapport move. The knight jumps into the kingside with some vague
threats. But thanks to his excellent tactical mastery Richard could see what
would happen if his opponent goes wrong and Laznicka lost his sense of danger
I guess.} (19... f4 $5 {was totally messy but maybe the best move in the
position.} 20. Ncxe4 $6 (20. Ndxe4 $2 Nxc3 $19) 20... Nxe4 21. Nxe4 Bf5 $15)
20. h3 $6 (20. Bxd5 $1 {was very strong.} Qh4 {looks scary but it is important
to see that nothing is happening after} 21. Bxe6 $1 Qxf2+ (21... Qxh2+ 22. Kf1
Qh1+ 23. Ke2 Qxg2 24. Rf1 $18) 22. Kh1 Nxe3 23. Rg1 Qxd2 24. Ra2 Qxd4 25. Ne2
$14 {Black has three pawns for a piece but White has an upper hand here
because his piece are quite decently co ordinated.}) (20. Rb2 $5 {Keeping
control was also interesting.} Qh4 21. Nf1 Ndxe3 $5 22. Bxe6 Nxf1 23. h3 $1 $13
{it's a crazy position. A clear cut evaluation is impossible.} (23. Kxf1 $2
Nxh2+ 24. Kg1 Rf6 $1 $40 {playing such positions against Rapport is scary.}))
20... Nxf2 $5 {The sacrifice looks strong but White can still come out of it
unhurt if he chooses the right path.} 21. Kxf2 $2 {The worst move that White
could make. Maybe Laznicka had lost the thread of the game after the 20th move.
} (21. Bxd5 $1 {was the only way to maintain the balance.} Nxh3+ 22. gxh3 Qg5+
23. Kh2 cxd5 (23... Qxe3 $2 24. Bxe6 Qxd2+ 25. Kh1 $16) 24. Ne2 f4 25. exf4 Qh5
26. Re1 g5 $1 $13 {Though black is a piece down, the White pieces have
absolutely no co-ordination and it is a crazily complicated position.}) 21...
Nxe3 $3 {That was not a difficult shot for Rapport to calculate.} (21... Qh4+ {
It could well be that Laznicka had only seen this and that it was not working
due to} 22. g3 Qxh3 23. Rh1 Qg4 24. Be2 $18 {White has consolidated.}) 22. Qc5
$2 {Now the end is swift.} (22. Kxe3 Qg5+ 23. Ke2 Qxg2+ 24. Kd1 Bxc4 $1 25.
Nxc4 Qf1+ $1 26. Kd2 Qxc4 $17) (22. Bxe6 Qxd4 $3 $19 {This is what Richard is
strong in. Two pieces down but he sees that his attack will succeed.} 23. Ke2
Qd3+ 24. Kf2 Nc2 $19) 22... Qg5 {Qxg2 followed by f4 mate is threatened.} 23.
Bf1 Nd5 (23... Nc2 {could have been a tad stronger.}) 24. Ke1 (24. Kg1 Qxd2 {
would prolong the game but isn't it too sad?}) 24... Qg3+ $1 {The c3 knight
falls and with it the entire house! What a crushing victory for the Hungarian
prodigy.} 0-1

[Event "Canadian op"]
[Site "Edmonton"]
[Date "2009.07.18"]
[Round "8"]
[White "Samsonkin, Artiom"]
[Black "Tayar, Jonathan"]
[Result "0-1"]
[WhiteElo "2403"]
[BlackElo "2342"]
[Annotator "Shabalov,A"]
[PlyCount "90"]
[EventDate "2009.07.11"]
[EventType "swiss"]
[EventRounds "9"]
[EventCountry "CAN"]
[SourceTitle "CBM 132 Extra"]
[Source "ChessBase"]
[SourceDate "2009.11.03"]
[SourceVersion "1"]
[SourceVersionDate "2009.11.03"]
[SourceQuality "1"]

1. Nf3 Nf6 2. g3 g6 3. Bg2 Bg7 4. c4 O-O 5. Nc3 d6 6. O-O e5 7. d3 Nh5 8. Rb1
f5 9. Nd2 Nc6 10. e3 Be6 11. b4 Qd7 12. b5 Nd8 13. Bb2 c6 14. bxc6 bxc6 15. f4
{White decides to complicate things.} (15. Qa4 {was leaving him with a typical
minimal advantage.}) 15... Rb8 16. Ba1 Rxb1 17. Qxb1 Nf7 18. Qd1 Qc7 19. Kh1
Qb6 20. Na4 Qc7 21. Nf3 Rb8 22. Qd2 c5 23. Nc3 h6 $2 {This hands White the
initiative.} 24. Nh4 Nh8 25. Nd5 Qd8 26. e4 $2 {Artiom got carried away. Subtle
} (26. Qe2 {with the threat 27.fxe5 dxe5 28.Nxf5! would give White an almost
decisive advantage.}) 26... Bxd5 $1 {After this exchange, the tables are
turning. Black starts dominating on the dark squares.} 27. cxd5 exf4 28. Bxg7
Kxg7 29. exf5 fxg3 30. Nxg6 Nxg6 31. fxg6 Qh4 32. h3 Nf6 33. Qa5 Rb7 34. Qd8
Rd7 35. Qc8 Re7 36. Qc6 Ng4 $6 {Black gambles his advantage for a few checks.
The simple} (36... Ne8 $17 {would lead to a strategically winning position for
him.}) 37. Qxd6 Nf2+ 38. Kg1 Re2 39. Qxc5 Qf4 40. Qxa7+ $2 {the first step in
the wrong direction.} (40. d6 {was winning easily}) 40... Kxg6 {#} 41. Be4+ $4
{An amazing blunder from the talented junior.} ({After} 41. Qc5 $14 {Black's
activity is probably sufficient to keep the balance.}) 41... Qxe4 42. Qf7+ Kxf7
43. dxe4 Ke7 44. Kg2 Nxe4+ 45. Kg1 Ng5 0-1